000 00495nam a2200205Ia 4500
003 OSt
005 20220923230826.0
006 a|||||r|||| 00| 0
007 ta
008 220922b |||||||| |||| 00| 0 pan d
024 _a305,891
037 _cTextual
040 _aARTS
_cARTS
_bpan
041 _2pan
_apan
082 _aP153:4k, J9
245 0 _aਪੰਜਾਬੀ ਕੇਸਕਾਰੀ
260 _c1969
942 _hP153:4k, J9
_cTEXL
_2CC
999 _c387678
_d387678